Minnesota Timberwolves 2025-2026 Roster - Statistics

General Stats
  • This quiz has been taken 73 times
    36 since last reset
  • The average score is 11 of 16
Answer Stats
Jersey # Pos Answer % Correct
5 G Anthony Edwards
100%
30 F-C Julius Randle
91%
27 C Rudy Gobert
91%
11 C-F Naz Reid
88%
3 F Jaden McDaniels
84%
0 G Donte DiVincenzo
81%
13 G Ayo Dosunmu
72%
8 G Bones Hyland
72%
7 F-G Joe Ingles
69%
1 G-F Terrence Shannon Jr
69%
22 G Jaylen Clark
63%
19 F Joan Beringer
59%
4 F Julian Phillips
44%
44 C Rocco Zikarsky
41%
25 F Enrique Freeman
31%
9 G Johnny Juzang
13%
No matching quizzes found
Score Distribution
Percent of People with Each Score
Percentile by Number Answered
Your Score History
You have not taken this quiz since the last reset